000 00292nam a22001217a 4500
020 _a9780123740854
082 _a664
_bSUN/MO
245 _aModern Techniques for Food Authentication
260 _aNew Delhi
_bAcademic Press
_c2008
300 _a689
700 _aSun, Da-Wen
_9405
942 _cREF
999 _c14291
_d14291